Subcultures (Record no. 3332)

MARC details
000 -LEADER
fixed length control field 00242nam a2200097Ia 4500
008 - FIXED-LENGTH DATA ELEMENTS--GENERAL INFORMATION
fixed length control field 231207s9999 xx 000 0 und d
082 ## - DEWEY DECIMAL CLASSIFICATION NUMBER
Classification number 301.22
Item number ARN
100 ## - MAIN ENTRY--PERSONAL NAME
Author Name Arnold, David O.
245 #0 - TITLE STATEMENT
Title Subcultures
260 ## - PUBLICATION, DISTRIBUTION, ETC.
Name of publisher, distributor, etc. The Glendessary Press-Berkeley
999 ## -
-- 3332
-- 3332
Holdings
Withdrawn status Weedout from Library Permanent Location Current Location Shelving location Date acquired Full call number Barcode Price effective from Koha item type
    NATIONAL COLLEGE OF ARTS, LAHORE - LIBRARY NATIONAL COLLEGE OF ARTS, LAHORE - LIBRARY   08/12/2023 301.22 ARN 4847 08/12/2023 Book